00774nam a2200253 a 4500001001300000003000900013005001700022008004100039020001000080082001800090100001400108245003200122260004700154300000800201500003500209505001700244650001900261700001400280902000800294942000700302952009800309952009800407999001500505nice12345678IN_TiNIC20260116011523.0050524s1933 boma grp 000 0 per  ac10000a297.822bIVA4 aIvanow, W aTwo Early Ismaili Treatises aBombaybIslamic Research Associationc1933 a62p aincludes index and biblioraphy2 aBibliography aIsmaili-Tracts1 aIvanow, W bSRS cBK 00104070aHMIbHMId0000-00-00g100.00l0o297.822 IVA4p1228r0000-00-00w2026-01-16yARB 00104070aHMIbHMId0000-00-00g100.00l0o297.822 IVA4p1258r0000-00-00w2026-01-16yARB c2265d2265